BERMAIN dalam FIKIRAN

Bibliographic Details
Main Author: Lailatul Akmar (Author)
Format: Book
Published: Melaka : Pustaka Ilham 2024
Series:Siri Novel Kembara Kasih
Subjects:

MARC

LEADER 00000cam a2200000 7i4500
001 0000317841
005 20241108085153.0
007 t
008 241108s2024 my # ###
020 |a 9789672722335 
040 |a MBPJ   |b eng   |c MBPJ   |e rda 
090 0 0 |a F   |b LAI 
100 0 |a Lailatul Akmar ,   |e author 
245 1 0 |a BERMAIN dalam FIKIRAN   |c LAILATUL AKMAR 
264 1 |a Melaka :   |b Pustaka Ilham   |c 2024 
300 |a 128 pages ;   |c 19 cm. 
336 |a text  |2 rdacontent 
337 |a unmediated  |2 rdamedia 
338 |a volume  |2 rdacarrier 
490 0 |a Siri Novel Kembara Kasih 
650 0 |a Malay fiction 
999 |a 00415331   |b BUKU   |c PINJAMAN   |e PERPUSTAKAAN KOMUNITI CAW KOTA DAMANSARA